Alexander MOYZES (4.9.1906 Kláštor pod Znievom, o. Martin - 20.11.1984 Bratislava) Skladateľ, pedagóg a organizátor hudobného života

Bibliographic Details
Main Author: Mokrý, Ladislav, 1932-2000 (Author)
Format: Article
Language:Slovak
ISBN:8070903937

MARC

LEADER 00000naa a2200000uu 4500
001 vtls010959865
003 SK-MaSNL
005 20260302120753.0
008 210909|1997 xo |||||||||||||||||slo|
015 |a SNBRA 
035 |a (urnnbn)urn:nbn:sk:snk:ar-a0bqvm 
035 |a (uuid)1b11ca1e-2e4c-4503-9e4f-3010f4970d94 
035 |a urn:nbn:sk:snk-aauikd 
040 |a SNKBUCL  |b slo  |c SNKBUCL  |e AACR2 
041 0 |a slo 
044 |a xo  |c SK 
100 1 |a Mokrý, Ladislav,  |d 1932-2000  |4 aut  |9 196630 
245 1 0 |a Alexander MOYZES  |b (4.9.1906 Kláštor pod Znievom, o. Martin - 20.11.1984 Bratislava) Skladateľ, pedagóg a organizátor hudobného života  |c Ladislav Mokrý 
773 0 |t Sto slávnych Slovákov  |d Martin : Matica slovenská, 1997  |g S. [168]-169  |z 8070903937 
958 |a OND 
958 |a article11 
958 |a chapter 
999 |c 1271221  |d 1273151